000 00202 a2200097 4500
001 2037
100 _aIrvin, G E
245 _aAircraft instruments.
260 _a
_bMc Graw Hill
_c
090 _c1506
_d1506
942 _aNUST-CAE
_cM
_c5625
999 _c237110
_d237110